000 00412cam a22001217a 4500
008 180718b1957 xxu||||| |||| 00| 0 eng d
082 _aDx73 Un3
245 _aAmerican foreign policy, 1950-1955: basic documents
_cby Department of State, United States
260 _aWashington
_bDepartment of State
_c1957
300 _a-v-
500 _aLibrary has V.2. P. 1709-3244
700 _aUnited States. Department of State
999 _c395335
_d395335